000 00602nam a2200229Ia 4500
003 OSt
005 20230325094404.0
008 210423s2007 xx 000 0 und d
020 _a195669843
040 _cAL
041 _aeng
082 _a330
_223
_bBASK
100 _aBASU (Kaushik),Ed
_977752
245 _aOxford companion to economics in India
260 _aNew Delhi
_bOxford University Press
_c2007
300 _aix,602
_bPB
365 _b2750
_cINR
650 _aEconomics
_977753
650 _aEconomics
_977753
906 _acompanion ; economics ; India ; Oxford
942 _2ddc
_cBK
999 _c155932
_d155932